Weihnachtliche Sagengestalten - Statistiken

Allgemein
  • Dieses Quiz wurde 43 mal gespielt
  • Das Durchschnittsergebnis liegt bei 8 aus 20
Antwortstatistiken
Sagengestalt Land % Korrekt
Christkind Belgien | Bolivien | Brasilien | Costa Rica | Ecuador | Frankreich | Kolumbien | Kroatien | Liechtenstein | Luxemburg | Mexiko | Nicaragua | Österreich | Panama | Paraguay | Polen | Portugal | Schweiz | Slowakei | Slowenien | Tschechien | Ungarn | Venezuela | Vereinigte Staaten
93%
Nikolaus Albanien | Bulgarien | Costa Rica | Frankreich | Italien | Kroatien | Luxemburg | Moldawien | Österreich | Polen | Rumänien | Schweiz | Serbien | Slowakei | Slowenien | Tschechien | Ukraine | Ungarn | Vereinigte Staaten
71%
Väterchen Frost Albanien | Armenien | Aserbaidschan | Belarus | Bosnien und Herzegowina | Georgien | Kasachstan | Kirgisistan | Mongolei | Nordmazedonien | Russland | Serbien | Slowenien | Tadschikistan | Ukraine
68%
Sinterklaas Belgien | Indonesien | Luxemburg | Niederlande
68%
Zwarte Piet Belgien | Niederlande
68%
Krampus Bosnien und Herzegowina | Italien | Kroatien | Liechtenstein | Österreich | Slowakei | Slowenien | Tschechien | Ungarn
59%
Joulupukki Finnland
59%
Père Fouettard Belgien | Frankreich | Schweiz
54%
Befana Italien | Schweiz
54%
Julenisse Dänemark | Schweden
44%
Heilige Drei Könige Andorra | Argentinien | Dominikanische Republik | Ecuador | Honduras | Mexiko | Nicaragua | Panama | Paraguay | Philippinen | Slowenien | Spanien | Uruguay | Venezuela
41%
Jólasveinar Island
39%
Knecht Ruprecht Polen
29%
Snegurotschka Russland
29%
Sankt Lucia Italien | Kroatien
22%
Olentzero Frankreich | Spanien
12%
Sankt Basilius der Große Griechenland | Zypern
10%
Belsnickel Vereinigte Staaten
10%
Perchta Frankreich
2%
Qar Qızı Aserbaidschan
0%
Keine übereinstimmenden Quizze gefunden
Verteilung der Resultate
Anzahl Personen mit jedem Resultat
Perzentil nach korrekt beantworteten Fragen
Ihre Resultats-Entwicklung
Sie haben dieses Quiz noch nicht gespielt